| 000 | 00700nam a2200217 a 4500 | ||
|---|---|---|---|
| 005 | 20240113063654.0 | ||
| 008 | 020613s1997 mx r 000 0 spa d | ||
| 020 | _a8477384908 | ||
| 035 | _aUPN01000117840 | ||
| 049 | _aCG | ||
| 050 | 4 |
_aHD58.8 _bP5.7 |
|
| 100 | 1 |
_aPiñuel Raigada, José Luis _929860 |
|
| 245 | 1 | 0 |
_aTeoría de la comunicación y gestión de las organizaciones / _cJosé Luis Piñuel Raigada. |
| 260 |
_aMadrid : _bSíntesis, _c1997. |
||
| 300 |
_a319 p. : _ecuadros |
||
| 440 | 0 |
_aCiencias de la información. _pExperiencias e investigación |
|
| 650 | 4 |
_aCambio organizacional _94984 |
|
| 650 | 4 |
_aGESTION DE NEGOCIOS _98974 |
|
| 650 | 4 |
_aComunicación _99285 |
|
| 905 | _aLibro | ||
| 999 |
_c90268 _d90268 |
||